000 00692cam a2200253 4500
008 090401t1991 xxu||||| |||| 00| 0 eng d
020 _a0851254683
035 _a(Sirsi) u27223
041 _aeng
050 _a693.97
110 _aBuilding Research Establishment
245 _aLowton-Cubitt steel-framed houses
260 _aGarston, Watford
_bBuilding Research Establishment
_c1991
300 _aiv,15p. : ill. ; 30cm.
350 _a10
490 _aBRE Report
_v188
490 _aBR
_v188
650 _aBUILDING DEFECTS
650 _aPREFABRICATION
650 _aSTEEL FRAMED HOUSES
690 _aBUILT ENVIRONMENT-CONSTRUCTION DESIGN
942 _n0
948 _c04/03/1997
999 _c89077
_d89077